LIBRARY & INFORMATION CENTRE, KCAET, TAVANUR

ONLINE PUBLIC ACCESS CATALOGUE (OPAC)

Urban storm drainage management / (Record no. 7420)

MARC details
000 -LEADER
fixed length control field 00578cam a2200217ua 4500
020 ## - INTERNATIONAL STANDARD BOOK NUMBER
ISBN 0 8247 1351 6
041 ## - LANGUAGE CODE
Language code of text/sound track or separate title eng
082 ## - DEWEY DECIMAL CLASSIFICATION NUMBER
Classification number 631.587
Item number SHE/UR
100 ## - MAIN ENTRY--AUTHOR NAME
Personal name Sheaffer, John R .
245 ## - TITLE STATEMENT
Title Urban storm drainage management /
250 ## - EDITION STATEMENT
Edition statement 1 /
260 ## - PUBLICATION, DISTRIBUTION, ETC. (IMPRINT)
Place of publication New York :
Name of publisher Marcel Dekker Inc. ,
Year of publication 1982.
300 ## - PHYSICAL DESCRIPTION
Number of Pages 271 ; .
700 1# - ADDED ENTRY--PERSONAL NAME
Personal name Taggart, William C .
700 1# - ADDED ENTRY--PERSONAL NAME
Personal name Wright, Kenneth R .
700 1# - ADDED ENTRY--PERSONAL NAME
Personal name Wright, Ruth M .
942 ## - ADDED ENTRY ELEMENTS (KOHA)
Koha item type Books
Holdings
Withdrawn status Lost status Damaged status Home library Current library Date acquired Full call number Accession Number Koha item type
      KAUAET KAUAET 07/04/2012 631.587 15945 Books
free website counter